00835nam a2200289Ia 4500003000400000005001700004008004100021020001800062040001800080041000800098082001800106100002200124245006100146250001200207260004700219300003000266650001100296650001900307650003800326650002300364650001500387650002900402650001700431650002900448650003100477650003700508OSt20241024094109.0210716s2010 xx 000 0 und d a9788120332782 cAIMIT LIBRARY aeng a005.73 bPANR aPanneerselvam, R. aDesign and analysis of algorithms /cBy R Panneerselvam. a1st ed. aNew Delhi :bPHI Learning Pvt Ltd ,c2010. axiv,426 p.;bPBc24.3 cm. aGraphs aData structure aDistance based network algorithms aSorting algorithms aHeuristics aProbabilistic algorithms aCryptography aProbabilistic algorithms aBenchmarking of algorithms aAlgorithms to schedule processor